| 000 | 00955cad a22002295a 4500 | ||
|---|---|---|---|
| 001 | E149018 | ||
| 008 | 091215s2009 xxk f 000 0 eng d | ||
| 035 | _a(Sirsi) u149018 | ||
| 041 | 0 | _aeng | |
| 050 | 0 | 4 | _a333.33 $2 18 |
| 110 | 2 |
_aJones Lang LaSalle _93755 |
|
| 245 | 0 | 0 |
_aPulse _bglobal market perspective _h[electronic resource] |
| 260 |
_a[S.l.] _bJones Lang LaSalle _c2009 |
||
| 490 | 0 |
_aPulse _bGlobal Market Perspective |
|
| 520 | _aLatest issue of this regular bulletin suggests that the global market recovery will start in 2010, gathering pace in 2011. Also looks at banking health across the globe and discusses investors' and occupiers' search for transaction value. | ||
| 521 | _aAdvanced | ||
| 590 | _aKA | ||
| 651 | 4 | _aInternational | |
| 690 | _aPROPERTY-COMMERCIAL PROPERTY-COMMERCIAL PROPERTY MARKET | ||
| 856 | 4 | 0 |
_uhttps://www.joneslanglasalle.com _zView the bulletin free of charge at www.joneslanglasalle.com... |
| 942 | _n0 | ||
| 999 |
_c110340 _d110340 |
||